Statistics for Brand Country Quiz 1

Click here to take the quiz!

General Stats

  • This quiz has been taken 17 times
  • The average score is 11 of 15

Answer Stats

HintAnswer% Correct
Mercedes-BenzGermany
94%
GarnierFrance
88%
RolexSwitzerland
88%
HeinekenNetherlands
82%
Tim HortonsCanada
76%
BurberryUnited Kingdom
76%
MarlboroUnited States of America
76%
LenovoChina
71%
ŠkodaCzech Republic
65%
MaerskDenmark
65%
NutellaItaly
65%
LGSouth Korea
65%
SpotifySweden
65%
GodivaBelgium
53%
Pocari SweatJapan
29%

Score Distribution

Percentile by Number Answered

Percent of People with Each Score

Your Score History

You have not taken this quiz